Value chain management in marine fisheries sector

Bibliographic Details
Main Author: Kotni,V V Devi Prasad (Author)
Format: Book
Language:English
Published: Beau Basin : LAP LAMBERT 2017
Subjects:

MARC

LEADER 00000cam a2200000 7i4500
001 0000099075
005 20210127093000.0
008 200812s2017 mf eng
020 |a 9786202072106 
040 |a UniSZA   |e rda 
050 0 0 |a SH328 G84   |b K68 2017 
090 0 0 |a SH328 G84   |b K68 2017 
100 1 |a Kotni,V V Devi Prasad ,   |e author 
245 1 0 |a Value chain management in marine fisheries sector   |c Dr. V V Devi Prasad Kotni 
264 1 |a Beau Basin :   |b LAP LAMBERT   |c 2017 
300 |a xxv,233 pages ;   |c 22cm. 
336 |a text  |2 rdacontent 
337 |a unmediated  |2 rdamedia 
338 |a volume  |2 rdacarrier 
504 |a Includes bibliographical references 
505 0 |a 1. Introduction -- 2. Review of related literature -- 3. An overview of marine fishery value chain -- 4. Customer expectation towards fish products -- 5 Socio-economic profile of fishermen -- 6. Supply chain management practices in marine fisheries -- 7. Marine fishry value chains in Andhra Pradesh 
650 0 |a Fishery management 
999 |a 1000180332   |b Book   |c Open Shelf (1 Day)   |e Tembila Campus